| 000 | 00358nam a2200145Ia 4500 | ||
|---|---|---|---|
| 008 | 230917s9999||||xx |||||||||||||| ||und|| | ||
| 040 |
_e101413 _aMAIN |
||
| 041 | _aEnglish | ||
| 082 | _a005.133 H859H | ||
| 100 | _aNIIT | ||
| 245 | 0 | _aHTML and XML: An introduction | |
| 260 |
_aNew Delhi _bPrentice-Hall of India _c2003 |
||
| 300 | _a302 p. | ||
| 942 | _cBK | ||
| 999 |
_c110958 _d110958 |
||